50 größte Agglomerationen, die mit C beginnen - Statistiken

Allgemein
  • Dieses Quiz wurde 26 mal gespielt
  • Das Durchschnittsergebnis liegt bei 21 aus 50
Antwortstatistiken
Einwohner Agglomeration Staat % Korrekt
3.600 Caracas Venezuela
96%
4.600 Casablanca Marokko
91%
16.000 Chengdu China
83%
6.000 Colombo Sri Lanka
83%
11.500 Chennai Indien
78%
3.000 Conakry Guinea
78%
2.500 Cali Kolumbien
74%
3.800 Chittagong Bangladesch
74%
1.400 Charkiw Ukraine
70%
9.000 Chicago USA
70%
1.700 Cordoba Argentinien
70%
1.400 Calgary Kanada
65%
10.000 Chongqing China
65%
3.200 Curitiba Brasilien
65%
850 Cardiff - Newport Vereinigtes Königreich
52%
2.700 Cebu City Philippinen
52%
1.100 Cancun Mexiko
48%
7.000 Changsha China
48%
1.650 Columbus USA
48%
2.600 Cotonou Benin
48%
1.350 Cochabamba Bolivien
43%
1.000 Chihuahua Mexiko
39%
1.700 Cincinnati USA
39%
2.500 Campinas Brasilien
35%
900 Campo Grande Brasilien
35%
1.500 Changzhou China
35%
1.900 Cleveland USA
35%
2.500 Coimbatore Indien
35%
900 Constantine Algerien
35%
1.100 Cabinda Angola
30%
900 Cartagena Kolumbien
30%
2.500 Chandigarh Indien
30%
4.300 Changchun China
30%
2.200 Charlotte USA
30%
1.000 Chiang Mai Thailand
30%
900 Cuiaba Brasilien
30%
900 Cagayan de Oro Philippinen
26%
1.000 Can Tho Vietnam
26%
1.200 Changde China
26%
1.200 Chifeng China
26%
1.800 Cirebon Indonesien
26%
1.650 Ciudad Juarez Mexiko
26%
950 Cucuta Kolumbien
26%
850 Concepcion Chile
22%
1.600 Cixi China
17%
900 Ciudad Guayana Venezuela
9%
1.100 Cape Coral USA
4%
850 Changyuan China
0%
900 Cuernavaca Mexiko
0%
1.100 Culiacán Rosales Mexiko
0%
Keine übereinstimmenden Quizze gefunden
Verteilung der Resultate
Anzahl Personen mit jedem Resultat
Perzentil nach korrekt beantworteten Fragen
Ihre Resultats-Entwicklung
Sie haben dieses Quiz noch nicht gespielt